[Event "19e Open de Saint-Affrique"]
[Site "Saint Affrique (12)"]
[Date "2011.07.28"]
[Round "7.9"]
[White "Ravot, Sylvain"]
[Black "Fejzovski, Enver"]
[Result "1-0"]
[WhiteElo "2267"]
[BlackElo "2156"]
[PlyCount "87"]
[EventDate "2011.??.??"]

1. d4 Nf6 2. c4 d6 3. Nc3 e5 4. Nf3 Nbd7 5. g3 Be7 6. Bg2 c6 7. Qc2 Qc7 8. O-O
O-O 9. Rd1 Re8 10. h3 Bf8 11. e4 h6 12. Be3 a5 13. dxe5 dxe5 14. Na4 b6 15. Ne1
Qb8 16. Nd3 b5 17. cxb5 cxb5 18. Nac5 Nxc5 19. Nxc5 Bxc5 20. Bxc5 Bb7 21. f3
Nh5 22. Kh2 Ra6 23. Qd2 Rg6 24. Bf2 b4 25. a3 Bc6 26. axb4 axb4 27. Ra5 Nf6 28.
Bc5 Nd7 29. Bxb4 Nb6 30. b3 Nc8 31. Bf1 Rf6 32. Qc3 Nb6 33. Bc5 Nd7 34. Ba7 Qb7
35. Bg1 Ra8 36. Rxa8+ Qxa8 37. b4 Ba4 38. Rd2 Nf8 39. b5 Ne6 40. Be2 Nd4 41.
Bxd4 exd4 42. Rxd4 Qa7 43. Kg2 Rg6 44. g4 1-0

[Event "19e Open de Saint-Affrique"]
[Site "Saint Affrique (12)"]
[Date "2011.07.28"]
[Round "7.10"]
[White "Crouan, Stephane"]
[Black "Marzolf, Bruno"]
[Result "1/2-1/2"]
[WhiteElo "2198"]
[BlackElo "2265"]
[PlyCount "95"]
[EventDate "2011.??.??"]

1. d4 d5 2. Nf3 Nc6 3. Bf4 Bg4 4. e3 e6 5. c4 Bb4+ 6. Nc3 Nf6 7. Rc1 O-O 8. h3
Bxf3 9. Qxf3 Bxc3+ 10. Rxc3 Qe7 11. Bg5 Qb4 12. Bxf6 Qxb2 13. Rb3 Qa1+ 14. Qd1
Qxd1+ 15. Kxd1 dxc4 16. Rxb7 gxf6 17. Kc2 Rab8 18. Rxb8 Rxb8 19. Bxc4 Na5 20.
Bd3 c5 21. dxc5 Rc8 22. Kd2 Rxc5 23. Rc1 Nb7 24. Rxc5 Nxc5 25. Bc2 Kf8 26. Kc3
f5 27. Kc4 Nd7 28. Kb5 Nb8 29. Kc5 Ke7 30. a3 Kd7 31. Ba4+ Kc7 32. Be8 f6 33.
Bb5 Nd7+ 34. Bxd7 Kxd7 35. Kb5 Kc7 36. Ka6 Kb8 37. g4 fxg4 38. hxg4 e5 39. f3
Ka8 40. a4 Kb8 41. a5 Ka8 42. Kb5 Kb7 43. a6+ Kc7 44. Kc5 Kd7 45. Kd5 h6 46. f4
exf4 47. exf4 Ke7 48. f5 1/2-1/2

[Event "19e Open de Saint-Affrique"]
[Site "Saint Affrique (12)"]
[Date "2011.07.28"]
[Round "7.13"]
[White "Carre, Sylvain"]
[Black "Mladenov, Plamen"]
[Result "1-0"]
[WhiteElo "2108"]
[BlackElo "2391"]
[PlyCount "83"]
[EventDate "2011.??.??"]

1. d4 d5 2. Bf4 c5 3. e3 Nc6 4. c3 Qb6 5. Qb3 c4 6. Qxb6 axb6 7. e4 e6 8. g3
Nf6 9. exd5 exd5 10. Bg2 Be6 11. Ne2 b5 12. O-O h6 13. Re1 b4 14. Be5 Kd7 15.
Nf4 Ra5 16. Bxf6 gxf6 17. Nd2 bxc3 18. bxc3 Nd8 19. Nf1 h5 20. Ne3 Kd6 21. Rab1
h4 22. Rb6+ Kc7 23. Rbb1 hxg3 24. hxg3 Kd6 25. Rb6+ Kc7 26. Rbb1 Bh6 27. Nfxd5+
Kb8 28. Nb4 Ra3 29. d5 Bc8 30. Nxc4 Rxc3 31. Nd6 f5 32. Nc6+ Nxc6 33. dxc6 f4
34. Nxc8 Rxc8 35. Rxb7+ Ka8 36. Ree7 Ra3 37. Rxf7 Rg8 {#} 38. Ra7+ Rxa7 39. c7+
f3 40. Bxf3+ Rb7 41. c8=Q+ Rxc8 42. Bxb7+ 1-0

[Event "19e Open de Saint-Affrique"]
[Site "Saint Affrique (12)"]
[Date "2011.07.29"]
[Round "8.2"]
[White "Gozzoli, Yannick"]
[Black "Bissieres, Matthieu"]
[Result "1-0"]
[WhiteElo "2532"]
[BlackElo "2352"]
[PlyCount "59"]
[EventDate "2011.??.??"]

1. d4 Nf6 2. c4 g6 3. Nc3 Bg7 4. e4 O-O 5. Nf3 d6 6. h3 e5 7. d5 a5 8. Bg5 h6
9. Be3 Na6 10. g4 Nc5 11. Nd2 Nfd7 12. Rg1 Kh7 13. Qc2 Bf6 14. Nf3 Bg5 15.
Nxg5+ hxg5 16. f3 Kg7 17. Qd2 f6 18. h4 {#} 18... gxh4 19. Bh6+ Kh7 20. g5 Rh8
21. O-O-O Nb6 22. f4 exf4 23. Qxf4 f5 24. e5 Qe7 25. e6 Nba4 26. Nxa4 Nxa4 27.
Bd3 Kg8 28. Bxf5 gxf5 29. Qxf5 Nc5 30. Qg6+ 1-0

[Event "19e Open de Saint-Affrique"]
[Site "Saint Affrique (12)"]
[Date "2011.07.29"]
[Round "8.3"]
[White "Flear, Glenn C"]
[Black "Milliet, Sophie"]
[Result "1/2-1/2"]
[WhiteElo "2483"]
[BlackElo "2355"]
[PlyCount "28"]
[EventDate "2011.??.??"]

1. d4 Nf6 2. c4 c5 3. d5 b5 4. Nf3 Bb7 5. Nbd2 bxc4 6. e4 e6 7. Bxc4 exd5 8.
exd5 Qe7+ 9. Kf1 Nxd5 10. g3 Nb6 11. Kg2 Qd8 12. Qb3 Qe7 {#} 13. Qd1 Qd8 14.
Qb3 Qe7 1/2-1/2

[Event "19e Open de Saint-Affrique"]
[Site "Saint Affrique (12)"]
[Date "2011.07.29"]
[Round "8.5"]
[White "Bedouin, Xavier"]
[Black "Delorme, Laurie"]
[Result "1-0"]
[WhiteElo "2410"]
[BlackElo "2215"]
[PlyCount "45"]
[EventDate "2011.??.??"]

1. d4 d5 2. c4 e6 3. Nf3 Nf6 4. g3 c6 5. Qc2 Be7 6. Bg2 O-O 7. O-O b6 8. Rd1
Ba6 9. b3 Nbd7 10. Nbd2 Rc8 11. e4 c5 12. exd5 exd5 13. Bb2 cxd4 14. a4 Qc7 15.
Nxd4 dxc4 {#} 16. Nc6 Bc5 17. Nxc4 Bb7 18. N4e5 Rfe8 19. Qf5 Nxe5 20. Bxe5 Rxe5
21. Nxe5 Bxf2+ 22. Qxf2 Bxg2 23. Rac1 1-0

[Event "19e Open de Saint-Affrique"]
[Site "Saint Affrique (12)"]
[Date "2011.07.29"]
[Round "8.9"]
[White "Carre, Sylvain"]
[Black "Dimitrov, Christo"]
[Result "1/2-1/2"]
[WhiteElo "2108"]
[BlackElo "2301"]
[PlyCount "24"]
[EventDate "2011.??.??"]

1. d4 d5 2. Bf4 Nf6 3. e3 c5 4. c3 cxd4 5. exd4 Nc6 6. Nd2 a6 7. Bd3 Bg4 8.
Ngf3 e6 9. O-O Bd6 10. Bxd6 Qxd6 11. h3 Bh5 12. Re1 O-O 1/2-1/2

[Event "19e Open de Saint-Affrique"]
[Site "Saint Affrique (12)"]
[Date "2011.07.29"]
[Round "8.10"]
[White "Rabineau, Clement"]
[Black "Milesi, Laurent"]
[Result "1-0"]
[WhiteElo "2273"]
[BlackElo "2122"]
[PlyCount "77"]
[EventDate "2011.??.??"]

1. d4 e6 2. e4 d5 3. Nc3 Nc6 4. Nf3 Nf6 5. Bg5 dxe4 6. Nxe4 Be7 7. Bxf6 gxf6 8.
Qd2 f5 9. Nc3 Bb4 10. a3 Ba5 11. Bb5 Bd7 12. O-O a6 13. Bxc6 Bxc6 14. Ne5 Bxc3
15. Qxc3 Bd5 16. Qe3 Rg8 17. f3 b6 18. Rf2 Qf6 19. c4 Bb7 {#} 20. c5 f4 21. Qc3
bxc5 22. Qxc5 Qe7 23. Qxe7+ Kxe7 24. Rc1 Rac8 25. Rfc2 c6 26. Nxc6+ Bxc6 27.
Rxc6 Rb8 28. R1c2 Rb3 29. Rxa6 Rxf3 30. Rc7+ Kf6 31. Raa7 Kf5 32. Rxf7+ Ke4 33.
Rae7 Rb3 34. Rxe6+ Kd5 35. Re2 f3 36. Rf2 fxg2 37. R7f3 Rxf3 38. Rxf3 Kxd4 39.
Rf2 1-0

[Event "Saint Affrique"]
[Site "Saint-Affrique"]
[Date "2011.07.28"]
[Round "7"]
[White "Perrot, Pierre"]
[Black "Mania, Clement"]
[Result "1-0"]
[WhiteElo "1712"]
[BlackElo "2130"]
[PlyCount "91"]
[EventDate "2011.??.??"]

{1MB, Rybka3Gen.ctg} 1. c4 f5 2. Nc3 Nf6 3. Nf3 d6 4. g3 g6 5. Bg2 Bg7 6. O-O
O-O 7. d4 Nc6 8. d5 Ne5 9. Nxe5 dxe5 10. e4 f4 11. gxf4 exf4 12. e5 Nd7 13. e6
Ne5 14. Qb3 f3 15. Bh3 g5 16. Bxg5 Qe8 17. Kh1 Qh5 18. Bxe7 Qxh3 19. Rg1 Rf4
20. Rg3 Qh5 21. Rg5 Qh3 22. Rg3 Ng4 23. Rxh3 Nxf2+ 24. Kg1 Nxh3+ 25. Kh1 Nf2+
26. Kg1 Bd4 27. Kf1 Rg4 28. Ne2 Ne4 29. Rd1 fxe2+ 30. Kxe2 Rg2+ 31. Kd3 Bc5 32.
Kxe4 Bxe7 33. Qf3 Rg7 34. Qh5 Rg6 35. Qf5 Bf6 36. Rd3 b5 37. Rg3 Kg7 38. c5 Bb7
39. c6 Ba6 40. Qf4 Rc8 41. b4 h6 42. Rxg6+ Kxg6 43. Qg3+ Kh5 44. Kf5 Rg8 45.
Qh3+ Bh4 46. Qf3+ 1-0

[Event "Saint Affrique"]
[Site "Saint-Affrique"]
[Date "2011.07.29"]
[Round "8"]
[White "Mania, Clement"]
[Black "Cattaneo, Romain"]
[Result "1-0"]
[WhiteElo "2130"]
[BlackElo "1876"]
[PlyCount "117"]
[EventDate "2011.??.??"]

{1MB, Rybka3Gen.ctg} 1. f4 g6 2. Nf3 Bg7 3. g3 d5 4. Bg2 Nf6 5. O-O c6 6. Kh1
Bg4 7. d3 Bxf3 8. Bxf3 e6 9. Qe1 h5 10. e4 Nbd7 11. Nc3 Kf8 12. Bd2 Kg8 13. Qe2
Qc7 14. Rae1 Bh6 15. e5 Ne8 16. Be3 Ng7 17. Bf2 Nf5 18. Kg2 Bf8 19. Rd1 Qd8 20.
h3 h4 21. g4 Ng3 22. Bxg3 hxg3 23. Rh1 b5 24. Qe1 Be7 25. Ne2 Qb6 26. d4 c5 27.
c3 Rc8 28. f5 b4 29. fxe6 fxe6 30. dxc5 Bxc5 31. Nf4 Bf2 32. Qe2 Kg7 33. cxb4
Rhf8 34. Nd3 Rf7 35. Nc5 Rcf8 36. Nxe6+ Qxe6 37. Bxd5 Qxe5 38. Qxe5+ Nxe5 39.
Bxf7 Rxf7 40. b3 Nf3 41. h4 Ne5 42. Kh3 Rf4 43. g5 Rxh4+ 44. Kxh4 g2+ 45. Kh3
gxh1=Q+ 46. Rxh1 Nf7 47. Kg4 Be3 48. Re1 Bxg5 49. Re6 Bf6 50. b5 Bd4 51. a4
Nh6+ 52. Kg5 Nf7+ 53. Kf4 Nd8 54. Ra6 Nb7 55. b4 Kh6 56. Kg4 Nd8 57. Rd6 Bb6
58. a5 Nf7 59. axb6 1-0

[Event "Saint Affrique"]
[Site "Saint-Affrique"]
[Date "2011.07.30"]
[Round "9"]
[White "Fontaine, Olivier"]
[Black "Mania, Clement"]
[Result "0-1"]
[WhiteElo "1899"]
[BlackElo "2130"]
[PlyCount "110"]
[EventDate "2011.??.??"]

1. c4 {[%emt 0:00:00]} 1... f5 2. g3 Nf6 3. Bg2 g6 4. Nh3 Bg7 5. Nc3 d6 6. O-O
O-O 7. b3 Kh8 8. Bb2 c6 9. Qc2 e5 10. e3 Be6 11. Rfd1 Bg8 12. d4 e4 13. d5 c5
14. Rd2 Na6 15. a3 Nc7 16. Rb1 Rb8 17. Ba1 b5 18. cxb5 Nxb5 19. Nxb5 Rxb5 20.
Bf1 Rb6 21. Bc4 Ng4 22. Bxg7+ Kxg7 23. Nf4 Ne5 24. Kg2 Qe7 25. Qc3 Rfb8 26.
Ne6+ Kh6 27. Nf4 g5 28. Nh3 Bf7 29. Ng1 Bh5 30. Be2 Qf7 31. Bxh5 Qxh5 32. h3
R6b7 33. b4 Rf7 34. Qc2 c4 35. Qd1 Qg6 36. Ne2 f4 37. Nd4 Rg8 38. Rc1 Kg7 39.
Nc6 Nd3 40. Rxc4 fxe3 41. fxe3 Qf5 42. Rcc2 Rgf8 43. Nd4 Qxd5 44. Qg4 h5 45.
Qxh5 Ne1+ 46. Kg1 Nxc2 47. Rxc2 Qe5 48. Kg2 Qf6 49. Qe2 Qe5 50. Qg4 Rf6 51.
Rc7+ Kh6 52. h4 Rf2+ 53. Kh3 Rh8 54. Rxa7 gxh4 55. Qxh4+ Kg6 0-1

[Event "19e Open de Saint-Affrique"]
[Site "Saint Affrique (12)"]
[Date "2011.07.30"]
[Round "9.2"]
[White "Bedouin, Xavier"]
[Black "Karpatchev, Aleksandr"]
[Result "1/2-1/2"]
[WhiteElo "2410"]
[BlackElo "2485"]
[PlyCount "20"]
[EventDate "2011.??.??"]

1. e4 e5 2. Nf3 Nc6 3. Bb5 a6 4. Bxc6 dxc6 5. O-O Bg4 6. h3 Bh5 7. g4 Bg6 8.
Nxe5 Qh4 9. Qf3 f6 10. Nxg6 hxg6 1/2-1/2

[Event "19e Open de Saint-Affrique"]
[Site "Saint Affrique (12)"]
[Date "2011.07.30"]
[Round "9.4"]
[White "Petitcunot, Pierre"]
[Black "Marzolf, Bruno"]
[Result "1-0"]
[WhiteElo "2414"]
[BlackElo "2265"]
[PlyCount "71"]
[EventDate "2011.??.??"]

1. e4 e5 2. Nf3 Nc6 3. Nc3 Nf6 4. g3 d5 5. exd5 Nxd5 6. Bg2 Nxc3 7. bxc3 Bd6 8.
O-O O-O 9. Rb1 Rb8 10. d4 Re8 11. Re1 exd4 12. Rxe8+ Qxe8 13. cxd4 Bg4 14. h3
Bh5 15. c4 b6 16. Rb3 Rd8 17. Re3 Qd7 18. g4 Bg6 19. Bb2 f6 20. Nh4 Bf7 21. Qc2
Bf4 22. Re4 Bg5 23. Nf5 g6 24. Ng3 Na5 25. d5 c6 26. Rd4 cxd5 27. cxd5 Rc8 28.
Qe2 Re8 29. Qd1 Nb7 30. Ne4 Nd6 31. Nxg5 fxg5 32. Ra4 Qc7 33. Qd4 Re1+ 34. Bf1
Kf8 35. Qh8+ Ke7 36. Rxa7 1-0

[Event "19e Open de Saint-Affrique"]
[Site "Saint Affrique (12)"]
[Date "2011.07.30"]
[Round "9.5"]
[White "Crouan, Stephane"]
[Black "Milchev, Nikolay"]
[Result "1/2-1/2"]
[WhiteElo "2198"]
[BlackElo "2388"]
[PlyCount "196"]
[EventDate "2011.??.??"]

1. d4 d5 2. Nf3 Nc6 3. Bf4 Bg4 4. e3 e6 5. c4 Nf6 6. Nc3 a6 7. h3 Bh5 8. Be2
dxc4 9. Bxc4 Bd6 10. Bxd6 cxd6 11. O-O O-O 12. Be2 Bxf3 13. Bxf3 d5 14. Rc1 Qd6
15. Qe2 Nd7 16. g3 b5 17. Bg2 Rac8 18. Rfd1 f5 19. Kh2 Nf6 20. f3 Nh5 21. Qf2
Rc7 22. a4 b4 23. Ne2 Rfc8 24. e4 fxe4 25. fxe4 dxe4 26. Bxe4 Nf6 27. Bg2 Ne7
28. Rxc7 Rxc7 29. Qf4 Qxf4 30. Nxf4 Rc2 31. Kg1 Rxb2 32. Nxe6 Ned5 33. Re1 Nc3
34. Bf1 Rd2 35. Bc4 h6 36. a5 Kh8 37. Nf4 g5 38. Ng6+ Kg7 39. Ne7 Nfe4 40. Nf5+
Kf6 41. g4 h5 42. Nd6 Rxd4 43. Rf1+ Kg6 44. gxh5+ Kh7 45. Rf7+ Kg8 46. Rb7+ Kh8
47. Rb8+ Kh7 48. Bg8+ Kh8 49. Bf7+ Kg7 50. Nf5+ Kxf7 51. Nxd4 Nd5 52. Rb7+ Kg8
53. Nc6 Nc5 54. Rb8+ Kh7 55. Nxb4 Nf4 56. Kh2 Nb3 57. Rb7+ Kh8 58. Nxa6 Nxa5
59. Rb5 Nc6 60. Rxg5 Nd4 61. Rc5 Kg7 62. Kg3 Nfe6 63. Ra5 Nc6 64. Rd5 Ne7 65.
Rd7 Kf6 66. Nc7 Nf5+ 67. Kg4 Nh6+ 68. Kf3 Ng5+ 69. Kg2 Ngf7 70. Rd5 Nf5 71. Ra5
N7d6 72. Nd5+ Kg7 73. Nf4 Kh6 74. Kf3 Kg5 75. Rd5 Kh6 76. Ne2 Kxh5 77. Ng3+ Kg6
78. Nxf5 Nxf5 79. Kf4 Ng7 80. Kg4 Ne8 81. Ra5 Nf6+ 82. Kf3 Kh6 83. h4 Kg6 84.
Rg5+ Kh6 85. Rf5 Kg6 86. Kf4 Nh5+ 87. Ke5 Ng7 88. Rg5+ Kh6 89. Kf6 Nh5+ 90. Kf7
Nf4 91. Rg4 Nd3 92. Kf6 Kh5 93. Kf5 Nf2 94. Rd4 Nh3 95. Rc4 Ng1 96. Rc1 Ne2 97.
Re1 Ng3+ 98. Kf4 Kxh4 1/2-1/2

[Event "19e Open de Saint-Affrique"]
[Site "Saint Affrique (12)"]
[Date "2011.07.30"]
[Round "9.6"]
[White "Ravot, Sylvain"]
[Black "Kukov, Velislav"]
[Result "0-1"]
[WhiteElo "2267"]
[BlackElo "2377"]
[PlyCount "102"]
[EventDate "2011.??.??"]

1. d4 d5 2. c4 e6 3. Nf3 Nf6 4. g3 Nc6 5. Bg2 dxc4 6. Qa4 Bb4+ 7. Bd2 Nd5 8.
Bxb4 Ndxb4 9. O-O Rb8 10. Na3 O-O 11. Qb5 b6 12. Qxc4 a5 13. Nb5 Ba6 14. a4 Na7
15. Qc3 Nxb5 16. axb5 Bxb5 17. Rfe1 Rc8 18. Rad1 Bc6 19. e4 Bb7 20. Bh3 Qe7 21.
d5 Rcd8 22. Qe5 Bc8 23. Nd4 Rfe8 24. dxe6 fxe6 25. Nf5 Qf6 26. Qxf6 gxf6 27.
Ne7+ Kf7 28. Nxc8 Rxc8 29. Rd7+ Re7 30. Red1 Na6 31. Bg4 Nc5 32. R7d4 Nb3 33.
R4d3 Nc5 34. Rd4 c6 35. f3 Rcc7 36. Rd6 a4 37. Kf2 Nb7 38. R6d2 b5 39. f4 c5
40. e5 c4 41. Rd6 Nc5 42. Rb6 Rb7 43. Rxb7 Rxb7 44. Bf3 Ra7 45. Ke3 Nd3 46. Bc6
Nxb2 47. Rb1 b4 48. Bxa4 Nxa4 49. Rxb4 c3 50. Rc4 Nb6 51. Rc5 Nd5+ 0-1

[Event "19e Open de Saint-Affrique"]
[Site "Saint Affrique (12)"]
[Date "2011.07.30"]
[Round "9.7"]
[White "Milliet, Sophie"]
[Black "Iwanesko, Alexandre"]
[Result "1-0"]
[WhiteElo "2355"]
[BlackElo "2217"]
[PlyCount "73"]
[EventDate "2011.??.??"]

1. e4 d6 2. d4 g6 3. Nc3 c6 4. Nf3 Bg7 5. Be3 b5 6. Bd3 b4 7. Ne2 Bb7 8. Ng3
Nd7 9. O-O Ngf6 10. Qd2 a5 11. a3 O-O 12. axb4 axb4 13. Qxb4 Qc8 14. Rxa8 Qxa8
15. Qa3 Qc8 16. Ra1 h6 17. h3 c5 18. c3 d5 19. e5 Ne4 20. Bb5 Nxg3 21. fxg3
cxd4 22. cxd4 Nb6 23. Qxe7 Nc4 24. Bc1 Bc6 25. Qc5 Bxb5 26. Qxb5 Qc7 27. Qxd5
Rd8 28. Qe4 Nb6 29. Bd2 Qc4 30. Ra7 Qe6 31. Ra6 Qb3 32. Ba5 Rc8 33. Rxb6 Rc1+
34. Kh2 Qd1 35. Be1 Rc2 36. e6 f5 37. e7 1-0

[Event "19e Open de Saint-Affrique"]
[Site "Saint Affrique (12)"]
[Date "2011.07.30"]
[Round "9.8"]
[White "Noireaut, Hung"]
[Black "Rabineau, Clement"]
[Result "0-1"]
[WhiteElo "1828"]
[BlackElo "2273"]
[PlyCount "80"]
[EventDate "2011.??.??"]

1. e4 d6 2. d3 g6 3. Nc3 Bg7 4. g3 c5 5. Bg2 Nc6 6. Be3 Nd4 7. Rb1 Rb8 8. Nce2
Qa5+ 9. c3 Nxe2 10. Nxe2 Nf6 11. a3 Ng4 12. Bd2 Ne5 13. O-O Nxd3 14. f4 c4 15.
Be3 Bg4 16. h3 Bxe2 17. Qxe2 O-O 18. f5 b5 19. Qg4 Qc7 20. Qh4 a5 21. Bh6 Qc5+
22. Kh1 Bxh6 23. Qxh6 Qe5 24. g4 Qg7 25. Qe3 Qe5 26. g5 b4 27. f6 e6 28. b3
bxc3 29. bxc4 Rxb1 30. Rxb1 c2 31. Qxd3 cxb1=Q+ 32. Qxb1 Qxg5 33. Qb6 Qc1+ 34.
Kh2 Qf4+ 35. Kh1 Qe5 36. a4 Qa1+ 37. Kh2 Qe5+ 38. Kh1 Qc5 39. Qb3 Rc8 40. Bf1
Qf2 0-1

[Event "19e Open de Saint-Affrique"]
[Site "Saint Affrique (12)"]
[Date "2011.07.30"]
[Round "9.10"]
[White "Sanchez, Nicolas"]
[Black "Houriez, Clement"]
[Result "1/2-1/2"]
[WhiteElo "2163"]
[BlackElo "2328"]
[PlyCount "50"]
[EventDate "2011.??.??"]

1. d4 Nf6 2. Nf3 g6 3. c4 Bg7 4. Nc3 d5 5. Qb3 dxc4 6. Qxc4 c6 7. e4 O-O 8. Be2
b5 9. Qd3 a6 10. O-O c5 11. d5 e6 12. Rd1 exd5 13. Bg5 h6 14. Bxf6 Bxf6 15. e5
Bg7 16. Nxd5 Be6 17. Qe3 Nd7 18. Nf4 Qe7 19. a4 c4 20. axb5 axb5 21. Ra7 Rxa7
22. Qxa7 Rd8 23. Qa5 Bg4 24. Nd5 Qf8 25. Ne3 Be6 1/2-1/2